| 000 | 00554nam a2200181 i 4500 | ||
|---|---|---|---|
| 001 | 99572 | ||
| 003 | ES-MaACL | ||
| 005 | 20230906182523.0 | ||
| 007 | t| | ||
| 008 | 050913s1954 sp ||||1| spa d | ||
| 100 | 1 |
_aMartínez-Barbeito, Carlos, _d1913-1997 _977884 |
|
| 245 | 1 | 3 |
_aLa Coruña / _cCarlos Martínez-Barbeito. |
| 260 |
_aBarcelona : _bNoguer, _c1954. |
||
| 300 |
_a41 p., 20 lám. : _b1 máp. pleg. ; _c19 cm. |
||
| 651 | 4 |
_aLa Coruña- _vGuías turísticas. _9157710 |
|
| 852 |
_aES-MaACL _jC-8844 _bR.36745 |
||
| 999 |
_c99572 _d99572 |
||